[Event "Magistral Casino Barcelona 2011"]
[Site "Barcelona ESP"]
[Date "2011.10.17"]
[Round "6.4"]
[White "Smirin, Ilia"]
[Black "Seirawan, Yasser"]
[Result "1-0"]
[WhiteElo "2678"]
[BlackElo "2652"]
[PlyCount "93"]
[EventDate "2011.10.12"]
[EventType "tourn"]
[EventRounds "9"]
[EventCountry "ESP"]
[EventCategory "14"]
[Source "lmi"]
[SourceDate "2011.10.12"]

1. e4 c6 2. d4 d5 3. Nd2 dxe4 4. Nxe4 Nd7 5. Bc4 Ngf6 6. Ng5 e6 7. Qe2 Nb6 8.
Bd3 h6 9. N5f3 c5 10. dxc5 Bxc5 11. Bd2 Nbd7 12. O-O-O Qc7 13. Nh3 O-O 14. Bf4
e5 15. Nxe5 Bd6 16. Ng6 Bxf4+ 17. Nhxf4 Re8 18. Nd5 Qa5 19. Nde7+ Kh7 20. Ne5+
g6 21. Nxf7 Ng8 22. Bxg6+ Kg7 23. Nf5+ Qxf5 24. Qxe8 Qxg6 25. Nd6 Nb6 26. Rhe1
Bd7 27. Qxg6+ Kxg6 28. Nxb7 Rc8 29. Nd6 Rc7 30. Rd3 Bc6 31. Re6+ Kh7 32. Rc3
Nd5 33. Rc4 Nb6 34. Rc3 Nd5 35. Rc5 Nge7 36. Ne8 Rc8 37. Nf6+ Nxf6 38. Rxe7+
Kg6 39. Rxa7 Ne4 40. Rc4 Nd6 41. Rc3 Ne4 42. Re3 Nxf2 43. Ra6 Kg5 44. Rg3+ Kh4
45. Rc3 Rd8 46. b3 Bxg2 47. Rg3 1-0

[Event "Magistral Casino Barcelona 2011"]
[Site "Barcelona ESP"]
[Date "2011.10.18"]
[Round "7.1"]
[White "Seirawan, Yasser"]
[Black "Narciso Dublan, Marc"]
[Result "1-0"]
[WhiteElo "2652"]
[BlackElo "2519"]
[PlyCount "69"]
[EventDate "2011.10.12"]
[EventType "tourn"]
[EventRounds "9"]
[EventCountry "ESP"]
[EventCategory "14"]
[Source "lmi"]
[SourceDate "2011.10.12"]

1. c4 e5 2. Nc3 g6 3. g3 Bg7 4. Bg2 Nc6 5. Rb1 d6 6. b4 Nf6 7. b5 Ne7 8. d3 O-O
9. Nf3 a6 10. a4 axb5 11. axb5 h6 12. Nd2 Rb8 13. O-O b6 14. Ra1 Bb7 15. Bxb7
Rxb7 16. e3 Nd7 17. Ba3 f5 18. Bb4 Nf6 19. Qf3 Rb8 20. Ra7 Rc8 21. Qg2 h5 22.
Rfa1 Bh6 23. Rb7 Qd7 24. Raa7 h4 25. Rxb6 hxg3 26. hxg3 f4 27. Rxd6 Qg4 28.
Rxf6 Rxf6 29. Bxe7 Rf7 30. gxf4 Qxg2+ 31. Kxg2 Rxe7 32. Nd5 Rf7 33. fxe5 Bg5
34. Ne4 Bd8 35. b6 1-0

[Event "Magistral Casino Barcelona 2011"]
[Site "Barcelona ESP"]
[Date "2011.10.18"]
[Round "7.3"]
[White "Alsina Leal, Daniel"]
[Black "De La Riva Aguado, Oscar"]
[Result "1/2-1/2"]
[WhiteElo "2529"]
[BlackElo "2541"]
[PlyCount "75"]
[EventDate "2011.10.12"]
[EventType "tourn"]
[EventRounds "9"]
[EventCountry "ESP"]
[EventCategory "14"]
[Source "lmi"]
[SourceDate "2011.10.12"]

1. e4 e5 2. Nf3 Nc6 3. Bb5 f5 4. d3 fxe4 5. dxe4 Nf6 6. Qd3 Bc5 7. O-O d6 8.
Qc4 Bd7 9. Nc3 Qe7 10. Nd5 Nxd5 11. exd5 Nd4 12. Nxd4 Bxd4 13. Be3 Bb6 14. a4
O-O 15. Bxd7 Qxd7 16. a5 Bxe3 17. fxe3 Rxf1+ 18. Rxf1 Rf8 19. Rxf8+ Kxf8 20. h3
a6 21. b4 g6 22. Qh4 Kg7 23. c4 h6 24. c5 dxc5 25. bxc5 Qxd5 26. Qe7+ Kg8 27.
Qe8+ Kg7 28. Qe7+ Kg8 29. Qxc7 Qe4 30. Kh2 h5 31. c6 bxc6 32. Qc8+ Kg7 33. Qxa6
Qxe3 34. Qxc6 Qf4+ 35. Kg1 Qd4+ 36. Kh2 Qf4+ 37. Kg1 Qd4+ 38. Kh2 1/2-1/2

[Event "Magistral Casino Barcelona 2011"]
[Site "Barcelona ESP"]
[Date "2011.10.18"]
[Round "7.4"]
[White "Salgado Lopez, Ivan"]
[Black "Peralta, Fernando"]
[Result "1-0"]
[WhiteElo "2614"]
[BlackElo "2602"]
[PlyCount "152"]
[EventDate "2011.10.12"]
[EventType "tourn"]
[EventRounds "9"]
[EventCountry "ESP"]
[EventCategory "14"]
[Source "lmi"]
[SourceDate "2011.10.12"]

1. e4 c6 2. d4 d5 3. e5 Bf5 4. Nf3 e6 5. Be2 c5 6. Be3 cxd4 7. Nxd4 Ne7 8. Nd2
Nbc6 9. N2f3 Bg4 10. O-O Bxf3 11. Nxf3 Qc7 12. Bf4 h6 13. h3 g5 14. Bh2 Bg7 15.
Re1 Ng6 16. Bb5 O-O 17. Qe2 a6 18. Bd3 Nb4 19. Bxg6 fxg6 20. c3 Nc6 21. c4 dxc4
22. Qxc4 Qf7 23. Rad1 Rad8 24. Rd6 Rfe8 25. Red1 Bf8 26. Rxd8 Rxd8 27. Rxd8
Nxd8 28. Qc8 Nc6 29. Bg3 Na7 30. Qa8 Nc6 31. Nd2 Nb4 32. a3 Nd5 33. Ne4 Qd7 34.
Nd6 Nb6 35. Qb8 Na4 36. Nxb7 Nxb2 37. Nd6 Na4 38. Qb4 Qc6 39. h4 Nc3 40. Kh2
gxh4 41. Qxh4 Qd7 42. Qf6 g5 43. Qg6+ Bg7 44. f4 Ne2 45. f5 Nxg3 46. Kxg3 Qa4
47. Qxe6+ Kh7 48. Nc4 Bxe5+ 49. Qxe5 Qxc4 50. Qe7+ Kg8 51. Qe8+ Kg7 52. Qg6+
Kf8 53. Qxh6+ Ke7 54. Qxg5+ Kd7 55. Qe3 Qg8+ 56. Kh3 Qh7+ 57. Kg4 Qg8+ 58. Qg5
Qa2 59. Qg7+ Kc8 60. Qc3+ Kd7 61. g3 Qg8+ 62. Kf4 Qd5 63. Qg7+ Kc8 64. Qe5 Qd2+
65. Qe3 Qd6+ 66. Kg4 Qd1+ 67. Kg5 Qd8+ 68. f6 Qg8+ 69. Kf4 Qc4+ 70. Qe4 Qc1+
71. Kg4 Qd1+ 72. Qf3 Qd4+ 73. Qf4 Qd1+ 74. Kg5 Qd8 75. Qc4+ Kb8 76. a4 Qd2+ 1-0

[Event "Magistral Casino Barcelona 2011"]
[Site "Barcelona ESP"]
[Date "2011.10.19"]
[Round "8.1"]
[White "Narciso Dublan, Marc"]
[Black "Peralta, Fernando"]
[Result "1/2-1/2"]
[WhiteElo "2519"]
[BlackElo "2602"]
[PlyCount "102"]
[EventDate "2011.10.12"]
[EventType "tourn"]
[EventRounds "9"]
[EventCountry "ESP"]
[EventCategory "14"]
[Source "lmi"]
[SourceDate "2011.10.12"]

1. e4 c6 2. d4 d5 3. Nd2 dxe4 4. Nxe4 Bf5 5. Nc5 b6 6. Nb3 e6 7. Nf3 Bd6 8. g3
Nf6 9. Bg2 O-O 10. Nbd2 Nbd7 11. Nc4 Qc7 12. O-O Be4 13. Qe2 Rac8 14. b3 c5 15.
Nxd6 Qxd6 16. dxc5 Qxc5 17. c4 Qh5 18. Nd4 Qxe2 19. Nxe2 Ne5 20. Bxe4 Nxe4 21.
f3 Nc5 22. Bb2 Ned3 23. Bc3 Rfd8 24. Rfd1 e5 25. Nc1 Nxc1 26. Raxc1 f6 27. Kf1
Kf7 28. Rxd8 Rxd8 29. Ke2 Ke6 30. Bd2 h5 31. b4 Nd7 32. Be3 Rc8 33. Kd3 g5 34.
h3 Rd8 35. Ke2 Rg8 36. a4 f5 37. a5 f4 38. axb6 axb6 39. gxf4 gxf4 40. Bf2 Rc8
41. Kd3 Ra8 42. c5 bxc5 43. bxc5 Nf6 44. c6 Nd5 45. c7 Rc8 46. Rc6+ Kf5 47. Rh6
Rxc7 48. Rxh5+ Ke6 49. Rh6+ Kf5 50. Rh5+ Ke6 51. Rh6+ Kf5 1/2-1/2

[Event "Magistral Casino Barcelona 2011"]
[Site "Barcelona ESP"]
[Date "2011.10.19"]
[Round "8.2"]
[White "Oms Pallise, Josep"]
[Black "Salgado Lopez, Ivan"]
[Result "0-1"]
[WhiteElo "2493"]
[BlackElo "2614"]
[PlyCount "184"]
[EventDate "2011.10.12"]
[EventType "tourn"]
[EventRounds "9"]
[EventCountry "ESP"]
[EventCategory "14"]
[Source "lmi"]
[SourceDate "2011.10.12"]

1. d4 Nf6 2. c4 e6 3. Nc3 Bb4 4. Qc2 O-O 5. a3 Bxc3+ 6. Qxc3 b6 7. Bg5 Bb7 8.
e3 d6 9. Ne2 Nbd7 10. Qd3 h6 11. Bh4 e5 12. Nc3 Qe8 13. O-O-O a6 14. Qc2 Rc8
15. Kb1 Qe6 16. Be2 Bxg2 17. Rhg1 Qh3 18. Bg3 e4 19. Nd5 Nxd5 20. cxd5 b5 21.
a4 Nb6 22. axb5 axb5 23. Bxb5 Bf3 24. Rc1 Nxd5 25. Qb3 Qh5 26. Bc6 Ne7 27. Bb7
Qa5 28. Bxc8 Rxc8 29. Qc3 Qb6 30. Qc4 Rb8 31. Rc2 Ra8 32. Rc3 Rb8 33. Rc2 Ra8
34. Rc3 Rb8 35. Rc2 Rb7 36. Qa4 Kh7 37. Qc4 Bh5 38. Rgc1 Qa5 39. Qa2 Qxa2+ 40.
Kxa2 Nd5 41. Kb1 f5 42. h4 Be8 43. Rd2 g5 44. hxg5 hxg5 45. Rg1 Kh6 46. Kc1 Ra7
47. Kb1 f4 48. Bh2 fxe3 49. fxe3 Nxe3 50. Re2 Nf5 51. Rxe4 Bg6 52. Kc1 Ra4 53.
Kd2 Nxd4 54. Re3 Bf5 55. Bg3 Rb4 56. Rge1 Kg6 57. Kc1 Nb3+ 58. Rxb3 Rxb3 59.
Bf2 g4 60. Re3 Rxe3 61. Bxe3 g3 62. Bf4 g2 63. Bh2 Be6 64. Kd2 Kf5 65. Ke3 Bb3
66. Kf2 Bd5 67. Ke3 Ke6 68. b4 c5 69. bxc5 dxc5 70. Kd3 Kd7 71. Bg1 Kc6 72. Bf2
Kb5 73. Kc3 Bb7 74. Bg1 Kc6 75. Bf2 Kd5 76. Bg1 Ba6 77. Bf2 Kc6 78. Bg1 Kb5 79.
Bf2 Bc8 80. Be3 Be6 81. Bf2 c4 82. Be3 Ka4 83. Bc5 Bf7 84. Bf2 Ka3 85. Be3 Ka2
86. Kc2 Bg6+ 87. Kc3 Bd3 88. Bf2 Kb1 89. Be3 Bf1 90. Bg1 Kc1 91. Bf2 Kd1 92.
Kd4 Bd3 0-1

[Event "Magistral Casino Barcelona 2011"]
[Site "Barcelona ESP"]
[Date "2011.10.19"]
[Round "8.3"]
[White "Smirin, Ilia"]
[Black "Alsina Leal, Daniel"]
[Result "1/2-1/2"]
[WhiteElo "2678"]
[BlackElo "2529"]
[PlyCount "81"]
[EventDate "2011.10.12"]
[EventType "tourn"]
[EventRounds "9"]
[EventCountry "ESP"]
[EventCategory "14"]
[Source "lmi"]
[SourceDate "2011.10.12"]

1. e4 c5 2. Nf3 Nc6 3. Bb5 Nf6 4. Nc3 g6 5. Bxc6 bxc6 6. e5 Nd5 7. Ne4 Bg7 8.
O-O d6 9. c4 f5 10. Nxd6+ exd6 11. cxd5 dxe5 12. dxc6 Qd5 13. d3 O-O 14. Re1
Re8 15. Be3 Qxc6 16. Rc1 Qd5 17. Rxc5 Qxa2 18. Bd4 Bb7 19. Nxe5 Rac8 20. Rxc8
Rxc8 21. Bc3 Qd5 22. Nf3 Bxc3 23. bxc3 Rxc3 24. Qa4 Bc6 25. Qxa7 Rxd3 26. Qb8+
Qd8 27. Qxd8+ Rxd8 28. Ne5 Re8 29. f4 Be4 30. Kf2 Rc8 31. g3 Rc2+ 32. Re2 Rc1
33. Ke3 Rc3+ 34. Kd4 Rc1 35. Ra2 Rd1+ 36. Kc5 g5 37. Ra7 gxf4 38. gxf4 Rd5+ 39.
Kc4 Rd2 40. h4 Rh2 41. Nd7 1/2-1/2

[Event "Magistral Casino Barcelona 2011"]
[Site "Barcelona ESP"]
[Date "2011.10.19"]
[Round "8.4"]
[White "Seirawan, Yasser"]
[Black "Spraggett, Kevin"]
[Result "1/2-1/2"]
[WhiteElo "2652"]
[BlackElo "2576"]
[PlyCount "81"]
[EventDate "2011.10.12"]
[EventType "tourn"]
[EventRounds "9"]
[EventCountry "ESP"]
[EventCategory "14"]
[Source "lmi"]
[SourceDate "2011.10.12"]

1. d4 Nf6 2. c4 g6 3. Nc3 Bg7 4. e4 d6 5. Bd3 O-O 6. Nge2 c5 7. d5 e6 8. O-O
Ng4 9. f4 exd5 10. exd5 f5 11. h3 Nf6 12. Be3 Na6 13. Qd2 Bd7 14. Rae1 Nc7 15.
Kh2 Rb8 16. a4 Nfe8 17. Ng1 Na6 18. Nf3 Nb4 19. Bb1 Qa5 20. b3 Nc2 21. Qxc2
Qxc3 22. Qxc3 Bxc3 23. Bd2 Bxd2 24. Nxd2 a5 25. Re2 Nf6 26. Rfe1 Rfe8 27. g3
Rxe2+ 28. Rxe2 Re8 29. Rxe8+ Nxe8 30. Kg2 Ng7 31. Kf3 Kf7 32. Nf1 Kf6 33. Ne3
h5 34. h4 b6 35. Bc2 Ne8 36. Nd1 Nc7 37. Nf2 Na6 38. Ke3 Nb4 39. Bb1 Bc8 40.
Nd3 Nxd3 41. Kxd3 1/2-1/2

[Event "Magistral Casino Barcelona 2011"]
[Site "Barcelona ESP"]
[Date "2011.10.20"]
[Round "9.1"]
[White "Spraggett, Kevin"]
[Black "Narciso Dublan, Marc"]
[Result "1/2-1/2"]
[WhiteElo "2576"]
[BlackElo "2519"]
[PlyCount "157"]
[EventDate "2011.10.12"]
[EventType "tourn"]
[EventRounds "9"]
[EventCountry "ESP"]
[EventCategory "14"]
[Source "lmi"]
[SourceDate "2011.10.12"]

1. d4 Nf6 2. c4 e6 3. Nf3 Bb4+ 4. Bd2 c5 5. Bxb4 cxb4 6. Qd3 O-O 7. Nbd2 d6 8.
e4 Qe7 9. Be2 e5 10. O-O Bg4 11. Rfe1 Nc6 12. d5 Bxf3 13. Nxf3 Nb8 14. Bd1 Na6
15. Qd2 Nc5 16. Bc2 a5 17. g3 g6 18. Nh4 Nh5 19. Kh1 Rae8 20. Rad1 Qd8 21. Re3
Ng7 22. Rde1 b6 23. R3e2 Nh5 24. Ng2 Qf6 25. Rf1 Qg7 26. Ne3 Nf6 27. f3 h5 28.
h4 Rb8 29. Rg2 Rfd8 30. Qe1 Kf8 31. Kg1 Rb7 32. Qe2 Re7 33. Re1 Qh8 34. Qd1 Rc7
35. a3 bxa3 36. bxa3 Rb8 37. Qd2 Rcb7 38. Rb1 Qh6 39. Re2 Kg8 40. Kg2 Kf8 41.
Ree1 Kg8 42. Qe2 Kf8 43. Rb5 Ke8 44. Reb1 Kd8 45. Qd2 Nfd7 46. Qc3 Kc7 47. R5b2
Kd8 48. Bd1 Rc7 49. Rf2 Nf6 50. Rb5 Nfd7 51. Rf1 Rcb7 52. Be2 Kc7 53. Bd1 Re8
54. Rb2 Rf8 55. Bc2 Re8 56. Rbb1 Rc8 57. Qe1 Kd8 58. Nd1 Ke7 59. Nc3 Rg8 60.
Rh1 Rc8 61. Rd1 Nf6 62. Rd2 Ncd7 63. Bd3 Nc5 64. Bf1 Nb3 65. Rd1 Nd7 66. Nb5
Nf6 67. Kf2 Nc5 68. Bh3 Rd8 69. Qe3 Qxe3+ 70. Kxe3 Ne8 71. Rb1 Rdb8 72. Nc3 Nc7
73. Bf1 f5 74. Rh2 fxe4 75. fxe4 Ne8 76. Rf2 Nf6 77. Be2 Rf8 78. Rg1 Rbb8 79.
g4 1/2-1/2

[Event "Magistral Casino Barcelona 2011"]
[Site "Barcelona ESP"]
[Date "2011.10.20"]
[Round "9.2"]
[White "Alsina Leal, Daniel"]
[Black "Seirawan, Yasser"]
[Result "0-1"]
[WhiteElo "2529"]
[BlackElo "2652"]
[PlyCount "112"]
[EventDate "2011.10.12"]
[EventType "tourn"]
[EventRounds "9"]
[EventCountry "ESP"]
[EventCategory "14"]
[Source "lmi"]
[SourceDate "2011.10.12"]

1. e4 c6 2. d4 d5 3. e5 Bf5 4. Nf3 e6 5. Be2 Ne7 6. O-O Nd7 7. Nbd2 Nc8 8. Nb3
Be7 9. a4 Ncb6 10. a5 Nc4 11. Bxc4 dxc4 12. Nbd2 b5 13. axb6 Nxb6 14. Qe2 Bxc2
15. Nxc4 Ba4 16. Bd2 O-O 17. Ba5 Qd5 18. Bxb6 Bb5 19. b3 axb6 20. Qc2 Bxc4 21.
bxc4 Qd7 22. Ra2 c5 23. Rxa8 Rxa8 24. dxc5 Bxc5 25. Ng5 g6 26. Qe4 Ra2 27. Qf3
h6 28. Ne4 Qd4 29. Nf6+ Kg7 30. Ng4 Be7 31. h3 h5 32. Qe3 Qxe3 33. Nxe3 Bc5 34.
Rb1 g5 35. Kf1 Kg6 36. Rb3 Bd4 37. g4 h4 38. Kg2 Rb2 39. Rxb2 Bxb2 40. Kf3 Bxe5
41. Ke2 Bd4 42. Nf1 f5 43. f3 Kf6 44. Kd3 Bc5 45. gxf5 exf5 46. f4 g4 47. Ke2
Bd6 48. Ke3 Kg6 49. Nd2 Kh5 50. Nf1 Bc5+ 51. Ke2 Bg1 52. Nd2 gxh3 53. Kf3 h2
54. Kg2 Kg4 55. Nb1 Kxf4 56. Nc3 Ke3 0-1

[Event "Magistral Casino Barcelona 2011"]
[Site "Barcelona ESP"]
[Date "2011.10.20"]
[Round "9.3"]
[White "Salgado Lopez, Ivan"]
[Black "De La Riva Aguado, Oscar"]
[Result "1-0"]
[WhiteElo "2614"]
[BlackElo "2541"]
[PlyCount "99"]
[EventDate "2011.10.12"]
[EventType "tourn"]
[EventRounds "9"]
[EventCountry "ESP"]
[EventCategory "14"]
[Source "lmi"]
[SourceDate "2011.10.12"]

1. e4 c5 2. Nf3 Nc6 3. d4 cxd4 4. Nxd4 g6 5. c4 Bg7 6. Be3 Nf6 7. Nc3 O-O 8.
Be2 b6 9. O-O Bb7 10. f3 e6 11. Nxc6 Bxc6 12. Qd6 Ne8 13. Qd2 f5 14. exf5 gxf5
15. Rad1 Qf6 16. f4 Rc8 17. Bf3 Rf7 18. Qd3 Qe7 19. Bxc6 Rxc6 20. Nb5 d6 21.
Rfe1 Rf6 22. Bf2 Qf7 23. b3 Rg6 24. Qf3 d5 25. cxd5 exd5 26. Qxd5 Qxd5 27. Rxd5
Nd6 28. g3 Nxb5 29. Rxb5 Rgf6 30. Re2 Bf8 31. Rd5 Rf7 32. Bd4 Rd6 33. Rxd6 Bxd6
34. Re8+ Rf8 35. Rxf8+ Kxf8 36. Kf2 Kf7 37. Kf3 Ke6 38. h3 Bc7 39. g4 a6 40. h4
b5 41. g5 Bd6 42. h5 Kf7 43. Ke3 Bc7 44. Be5 Bb6+ 45. Kd3 Bf2 46. Bd4 Be1 47.
Bc3 Bf2 48. Be5 Bc5 49. Kc3 Kg8 50. Bd4 1-0